Datum a čas kvízu
25
Celkem bodů
Celkový počet nahraných bodů na tomto kvízu bez doplňovacích otázek.
8.
Pořadí na kvízu
Konečné umístění týmu na tomto kvízu.
Zaznamenané odpovědi
| # | Otázka | Odpověď | Body | Výsledky |
|---|---|---|---|---|
| 1. | Vláda ve středu večer slavnost... | začátek II. sv. války – 1938 místo 1939 | 0 | |
| 2. | Federální soud USA propustil n... | Ronalda Reagana | 0 | |
| 3. | Andrej Babiš navštívil festiva... | Mirai | 1 | |
| 4. | Společnost Apple následovala m... | Ulož.to | 0 | |
| 5. | Basketbalová NBA již zná svého... | Golden State Warriors | 1 | |
| 6. | V následujících pěti otázkách... | Vykoupení z věznice Shawshank; Tim Robbins a Morgan Freeman | 1 | |
| 7. | Pokračujeme snímkem Pulp Ficti... | 1A 2C 3D 4B | 0 | |
| 8. | V roce 2013 byl natočen životo... | James Hunt, Niki Lauda | 0 | |
| 9. | Jak zní příjmení manželského p... | Márovi | 0 | |
| 10. | Přiřaďte k sobě herecké předst... | 1C 2A 3B 4D | 0 |